000 00424nam a22001457a 4500
020 _a978-9987-9539-4-3
082 _a657.45
100 _aTemu, Sylvia Shayo
245 _aAuditing Theory and Practice:
_bInternational Standards on Auditing (ISAs) Intergrated
260 _aDar es Salaam:
_bNBAA,
_c2013
300 _axiv, 454p.: ill.; 28 cm
500 _aTABLE OF CONTENT:
504 _aInclude Bibliography
942 _cBK
999 _c22095
_d22095